000 00426nam a2200145Ia 4500
008 220204s9999 xx 000 0 und d
082 _a582.28:581.4
_bBES;1
100 _aBESSEY, Ernst Athearn
245 0 _aMorphology and taxonomy of fungi.
260 _aNew Delhi
_bVikas
_c1950
505 _aReprint Edn 1978. Rs. 125.00 by Vikas Publishing house.
650 _aFungi morphology
650 _aFungi taxonomy
942 _cBK
999 _c19344
_d19344